Overtime - Zach Bryan - All lyrics - Statistics

General Stats
  • This quiz has been taken 107 times
  • The average score is 173 of 226
Answer Stats
Answer % Correct
a
100%
who
100%
I
99%
and
97%
And
97%
be
97%
to
97%
the
96%
you
96%
do
94%
overtime
94%
try
94%
down?
93%
down"
93%
me
93%
me,
93%
workin'
93%
he
91%
I'm
91%
in
90%
love
88%
town
88%
my
87%
That
87%
that
87%
there,
87%
there
87%
won't
87%
51
85%
family
85%
got
85%
Hey
85%
interstate
85%
miles
85%
couldn't,
84%
darling,
84%
for
84%
lost
84%
shouldn't
84%
bad
82%
even
82%
on
82%
when
82%
disease
81%
father
81%
out
81%
So
81%
They
81%
told
81%
tree
81%
been
79%
just
79%
never
79%
"Never
79%
wanna
79%
'Cause
78%
hold
78%
loves
78%
stay
78%
while,
78%
child,
76%
decided
76%
gene
76%
hear
76%
i'll
76%
Ill
76%
I'll
76%
quiet,
76%
say
76%
since
76%
tight
76%
was
76%
working
76%
ain't
75%
Ever
75%
mean,
75%
mean
75%
grandfather,
74%
humble,
74%
keeping
74%
about
72%
anyway
72%
being
72%
free
72%
see?
72%
shit
71%
gave
69%
daughters,
68%
grows
68%
No
68%
no
68%
arrogant
66%
his
66%
"Your
65%
cut
62%
hungry
62%
throat
60%
from
59%
let
59%
said
59%
Said,
59%
yourself"
57%
yourself
57%
day
56%
you'll
56%
cowboy
54%
died
54%
granddaddy
53%
make
53%
name
53%
'til
53%
worked
53%
around
51%
nobody
51%
songs
51%
sound
51%
asking
50%
double
50%
get
50%
matter
50%
same,
50%
this
50%
what
50%
why
50%
life
49%
damn
47%
know,
46%
scrapin'
46%
Whit
46%
But
44%
it's
44%
through
44%
worlds
44%
pride
43%
all
41%
I's
41%
deserve
38%
earthly
38%
become
37%
wanna-be
37%
tattoed
26%
skine
7%
benn
4%
by my whole
4%
coudn't
0%
No matching quizzes found
Score Distribution
Percent of People with Each Score
Percentile by Number Answered
Your Score History
You have not taken this quiz